Trendy interného kontrolovania v podnikateľských subjektoch vo svetle nových výziev [recenzovaný zborník vedeckých statí]
Enregistré dans:
| Autres auteurs: | , , |
|---|---|
| Format: | Livre |
| Langue: | slovaque |
| Publié: |
České Budějovice
Vysoká škola evropských a regionálních studií
2018
|
| Édition: | 1. vydanie |
| Sujets: | |
| Tags: |
Pas de tags, Soyez le premier à ajouter un tag!
|
MARC
| LEADER | 00000nlm a2200000 4500 | ||
|---|---|---|---|
| 001 | 0242843 | ||
| 005 | 20240827080916.1 | ||
| 020 | |a 978-80-7556-027-8 | ||
| 041 | 0 | |a slo | |
| 044 | |a CZ | ||
| 245 | 1 | 0 | |a Trendy interného kontrolovania v podnikateľských subjektoch vo svetle nových výziev |b [recenzovaný zborník vedeckých statí] |c redakčné a zostaviteľské práce: Juraj Mišún ; vedeckí recenzenti: Ján Kráčmar, Jiří Dušek |
| 250 | |a 1. vydanie | ||
| 264 | 1 | |a České Budějovice |b Vysoká škola evropských a regionálních studií |c 2018 | |
| 300 | |a CD-ROM 118 s. [9,44 AH] | ||
| 610 | 2 | 0 | |a kontrola |
| 610 | 2 | 0 | |a projekty |
| 610 | 2 | 0 | |a kontrola vnútorná |
| 610 | 2 | 0 | |a kontrola vnútropodniková |
| 610 | 2 | 0 | |a plánovanie |
| 610 | 2 | 0 | |a manažment |
| 610 | 2 | 0 | |a skončenie pomeru pracovného |
| 610 | 2 | 0 | |a nákup |
| 700 | 1 | |a Mišún, Juraj, 1978- | |
| 700 | 1 | |a Kráčmar, Ján | |
| 700 | 1 | |a Dušek, Jiří | |